| 000 | 01035nas a2200361 4500 | ||
|---|---|---|---|
| 001 | BR2011006019 | ||
| 003 | BR-BrBNA | ||
| 005 | 20231205115148.0 | ||
| 007 | ta | ||
| 008 | 230509b bl.|||p| |||| 00| 00por d | ||
| 040 |
_aBR-BrBNA _bpor _cBiblioteca Nacional de Agricultura |
||
| 041 | _a(Pt) | ||
| 072 | _aF70; F01 | ||
| 100 | 1 | _aDias, G.M. | |
| 100 | 1 | _aLino, A.C.L. | |
| 100 | 1 | _aSanches, J. | |
| 100 | 1 | _aLima, F.A.B. | |
| 100 | 1 | _aNascimento, T.S. | |
| 245 | 1 | _aUso de imagens na classificação de flores de corte | |
| 650 | _aFLOR PARA CORTE | ||
| 650 | _aGERBERA JAMENSONII | ||
| 650 | _aPLANTA ORNAMENTAL | ||
| 650 | _aPROGRAMA DE COMPUTADOR | ||
| 650 | _aFOTOGRAFIA | ||
| 650 | _aTAXONOMIA VEGETAL | ||
| 650 | _aPÓS-COLHEITA | ||
| 650 | _aMERCADO | ||
| 650 | _aGERBERA | ||
| 650 | _aGERBERA | ||
| 773 | 0 |
_tRevista Brasileira de Horticultura Ornamental (Brazil) _xISSN 1809-6093 _g(2010), v. 16(2) p. 123-126 _wBR2011006019 |
|
| 909 |
_a202311 _bLúcia _c55 _dLúcia Elande |
||
| 942 |
_2AGRIS _n0 _cANA |
||
| 999 |
_c212391 _d212391 |
||